Представление документа в формате RUSMARC

ПолеНазваниеЗначение
  Тип записи a
  Библиографический уровень m
001 Контрольный номер 570a36f14980478ba1362d2d2797ae39
005 Дата корректировки 20241121124805.6
010 Индекс ISBN __
a ISBN 978-5-907680-20-3
9 Тираж 20000 экз.
d Цена 100-00
100 Данные общей обработки __
a Данные общей обработки 20240131d2023 ma y0rusy028902 ca
101 Язык документа 0_
a Язык текста rus
102 Страна публикации __
a Страна публикации RU
105 Кодированные данные (монография) __
a Кодированные данные (монография) y n 000yy
181 Поле кодированных данных: вид содержания _0
a Код вида содержания (ISBD) i
182 Поле кодированных данных: тип средства _0
a Код типа средства (ISBD) n
200 Заглавие и сведения об ответственности 1_
a Заглавие Конституция Российской Федерации
e Сведения, относящиеся к заглавию принята всенародным голосованием 12 декабря 1993 года : с приложением статей в действующей редакции (с изменениями и дополнениями 2020 и 2022 года)
203 Вид содержания и тип средства __
a Вид содержания Текст
c Тип средства непосредственный
210 Выходные данные 1_
a Место издания Екатеринбург
c Издательство Фонд "Президентский центр Б. Н. Ельцина"
d Дата издания 2023
215 Физическое описание __
a Объем 87, [1] с.
d Формат 21 см
330 Аннотация __
a Аннотация Настоящее издание содержит текст Основного закона страны - Конституции Российской Федерации с изменениями, одобренными на Общероссийском голосовании 1 июля 2020 г., изменениями от 2022 года.
606 Тематические рубрики __
a Основная рубрика Конституции и документы конституционного значения. Органы конституционного контроля
y Географическая подрубрика Российская Федерация
2 Код системы nlr_sh
z Хронологическая подрубрика 20 в.
z Хронологическая подрубрика 1993 г.
z Хронологическая подрубрика 2022 г.
606 Тематические рубрики __
2 Код системы nlr_sh
a Основная рубрика Право
610 Ключевые слова 1_
a Ключевые слова конституционный строй
610 Ключевые слова 1_
a Ключевые слова права человека
610 Ключевые слова 1_
a Ключевые слова конституционные поправки
610 Ключевые слова 0_
a Ключевые слова свободы человека
610 Ключевые слова 0_
a Ключевые слова конституции
610 Ключевые слова 0_
a Ключевые слова федеративное устройство
610 Ключевые слова 0_
a Ключевые слова судебная власть
610 Ключевые слова 0_
a Ключевые слова местное самоуправление
610 Ключевые слова 0_
a Ключевые слова конституционные поправки
610 Ключевые слова 0_
a Ключевые слова конституционное законодательство
686 Индексы других классификаций __
2 Код системы rubbks
a Классификационный индекс 67.400.11(2Рос)-3; ст67.400
710 Наименование организации. (Первичная ответственность) 01
a Организация/ юрисдикция Российская Федерация
b Другие уровни Конституция
f Дата проведения 1993
801 Источник записи _0
b Организация Муниципальное бюджетное учреждение культуры "Централизованная библиотечная система" г. Сургут (Центральная городская библиотека им. А. С. Пушкина)
a Страна RU
c Дата составления 20240131
g Правила каталогизации PSBO
801 Источник записи _1
b Организация Муниципальное бюджетное учреждение культуры "Централизованная библиотечная система" г. Сургут (Центральная городская библиотека им. А. С. Пушкина)
a Страна RU
c Дата составления 20240131
g Правила каталогизации PSBO
852 Данные о местонахождении 5_
j Шифр хранения 67.400.11(2Рос)-3
i Авторский знак Р 76
900 Макрообъекты __
a Макрообъекты Конституция Российской Федерации. 2023
901 Тип документа __
a Ответственный КиК/Котельникова
t Тип документа m
903 Характеристики (МАРС) __
a Дата передачи 20240131
c Наименование библиотеки (МАРС) Муниципальное бюджетное учреждение культуры "Централизованная библиотечная система" г. Сургут (Центральная городская библиотека им. А. С. Пушкина)
969 Тип издания __
a Тип издания официальное издание
990 Данные о заказе (DOS) __
j Количество экземпляров (DOS) 1
t N записи в КСУ для И/У (DOS) 202403